| 000 | 00770cam a22002055a 4500 | ||
|---|---|---|---|
| 001 | L156290 | ||
| 008 | 120510s1875 xxk f 000 0 eng d | ||
| 035 | _a(Sirsi) u156290 | ||
| 041 | 0 | _aeng | |
| 110 | 2 |
_aGreat Britain _bLocal Government Board _96068 |
|
| 245 | 0 | 0 |
_aEngland and Wales. (Exclusive of the Metropolis.) _bReturn of owners of land, 1873 |
| 260 |
_aLondon _bPrinted by G. E. Eyre and W. Spottiswoode for H. M. Stationery Office _c1875 |
||
| 300 |
_a2 v. _c37 cm. |
||
| 520 | _aKnown as the "New Domesday book." | ||
| 520 | _aLibrary holds Vol. 1 "England: Bedford to Norfolk" only. | ||
| 583 | 0 |
_aCondition reviewed _c20120620 _lcondition level 4, detached boards and spine |
|
| 651 | 4 |
_aEngland and Wales _y1543- |
|
| 690 |
_aRural _96268 |
||
| 942 | _n0 | ||
| 999 |
_c114158 _d114158 |
||